| 000 | 00833nam a2200229Ii 4500 | ||
|---|---|---|---|
| 003 | JO-AjNU | ||
| 008 | 230605s9999||||xx |||||||||||||| ||und|| | ||
| 017 | _a2011/15146 | ||
| 020 | _a977-6264-41-4 | ||
| 040 |
_aJO-AjNU _bara _erda _cJO-AjNU |
||
| 041 | _aara | ||
| 050 | 1 | 4 | _aKBP440.25.2011 |
| 100 | 3 |
_aتوفيق، هشام ابراهيم, _eauthor _944405 |
|
| 245 | 0 | 0 | _aالوجيز في علم أصول الفقة |
| 250 | _a(د،ط) | ||
| 264 | 3 | 1 | _aالقاهرة : المركز القومي للإصدارات القانونية ، 2011 |
| 300 |
_a335ص _bيشتمل على قائمة بالمصادر والمراجع ص ( 320 - 328 ) |
||
| 336 |
_atext _btxt _2rdacontent |
||
| 337 |
_aunmediated _bn _2rdamedia |
||
| 338 |
_avolume _bnc _2rdacarrier |
||
| 650 | 4 |
_aالفقة الاسلامي -- اصول _944406 |
|
| 999 |
_aA19172 _c22740 _d22740 |
||